PPS3 update (Record no. 106769)

MARC details
000 -LEADER
fixed length control field 01568cad a22002415a 4500
001 - CONTROL NUMBER
control field L137403
008 - FIXED-LENGTH DATA ELEMENTS--GENERAL INFORMATION
fixed length control field 070404e20070323xxk f f000 0 eng d
035 ## - SYSTEM CONTROL NUMBER
System control number (Sirsi) u137403
041 0# - LANGUAGE CODE
Language code of text/sound track or separate title eng
050 04 - LIBRARY OF CONGRESS CALL NUMBER
Classification number 711.1 $2 18
110 1# - MAIN ENTRY--CORPORATE NAME
Corporate name or jurisdiction name as entry element United Kingdom
Subordinate unit Department for Communities and Local Government
9 (RLIN) 4939
245 00 - TITLE STATEMENT
Title PPS3 update
Remainder of title cancellation of greenfield and density directions
Medium [electronic resource]
260 ## - PUBLICATION, DISTRIBUTION, ETC.
Place of publication, distribution, etc. London
Name of publisher, distributor, etc. DCLG
Date of publication, distribution, etc. 2007
520 ## - SUMMARY, ETC.
Summary, etc. From 1 April 2007 local planning authorities will be required to have regard to Planning Policy Statement 3: Housing (PPS3) as a material consideration. On the same day the Town and Country Planning (Residential Development on Greenfield Land) (England) Direction 2000 and the Town and Country Planning (Residential Density) (London, South East England, South West England, East of England and Northamptonshire) Direction 2005, are cancelled. Presents directions which give effect to these cancellations.
590 ## - LOCAL NOTE (RLIN)
Local note KA NTK
650 24 - SUBJECT ADDED ENTRY--TOPICAL TERM
Topical term or geographic name entry element PLANNING POLICY STATEMENT 3
650 24 - SUBJECT ADDED ENTRY--TOPICAL TERM
Topical term or geographic name entry element TOWN AND COUNTRY PLANNING (RESIDENTIAL DEVELOPMENT ON GREENFIELD LAND) (ENGLAND) DIRECTION 2000
650 24 - SUBJECT ADDED ENTRY--TOPICAL TERM
Topical term or geographic name entry element TOWN AND COUNTRY PLANNING (RESIDENTIAL DENSITY) (LONDON, SOUTH EAST ENGLAND, SOUTH WEST ENGLAND, EAST OF ENGLAND AND NORTHAMPTONSHIRE) DIRECTION 2005
651 #4 - SUBJECT ADDED ENTRY--GEOGRAPHIC NAME
Geographic name England
Chronological subdivision 886-
690 ## - LOCAL SUBJECT ADDED ENTRY--TOPICAL TERM (OCLC, RLIN)
Topical term or geographic name as entry element ENVIRONMENTAL AND LAND CONSULTANCY-PLANNING AND DEVELOPMENT-PLANNING GUIDANCE
856 40 - ELECTRONIC LOCATION AND ACCESS
Uniform Resource Identifier <a href="https://www.communities.gov.uk/index.asp?id=1508840">https://www.communities.gov.uk/index.asp?id=1508840</a>
Public note View the item free of charge at www.communities.gov.uk...
942 ## - ADDED ENTRY ELEMENTS (KOHA)
Suppress in OPAC 0
Holdings
Withdrawn status Lost status Source of classification or shelving scheme Damaged status Not for loan Home library Current library Shelving location Date acquired Total Checkouts Full call number Barcode Date last seen Copy number Price effective from Koha item type
    Dewey Decimal Classification     Virtual Virtual Online 04/04/2007   ONLINE PUBLICATION 137403-2001 06/08/2019 1 06/08/2019 Book